Mirhorod
| Main Author: | |
|---|---|
| Other Authors: | , |
| Format: | Book |
| Language: | Slovak Russian |
| PhysicalDescription: | 280 strán 21 cm |
| Published: |
Bratislava
Slovenské vydavateľstvo krásnej literatúry
1953
|
| Edition: | III. vydanie |
| Series: | Gogoľ, Nikolaj Vasilievič, 1809-1852 Spisy v 5 sväzkoch
Edícia svetových klasikov |
| Subjects: |
MARC
| LEADER | 00000cam a2200000 a 4500 | ||
|---|---|---|---|
| 001 | vtls008371906 | ||
| 003 | SK-MaSNL | ||
| 005 | 20260301042348.0 | ||
| 008 | 230403s1953 xo gr 000 f slo | ||
| 015 | |a SNBA19451955-003065 | ||
| 020 | |q (viazané) | ||
| 035 | |a SK01SNKBKSFS20020064123 | ||
| 035 | |a urn:nbn:sk:snk-am3idlr | ||
| 035 | |a urn:nbn:sk:snk-am00e619 | ||
| 035 | |a 6CD4A82F-925E-481E-9AC5-DDE4C7300ACA | ||
| 035 | |a SKM000066586 | ||
| 040 | |a SNK |b slo |c SNK |e AACR2 | ||
| 041 | 1 | |a slo |h rus | |
| 044 | |a xo |c SK | ||
| 080 | |a 882-3 |2 1981 | ||
| 100 | 1 | |a Gogoľ, Nikolaj Vasilievič, |d 1809-1852 |4 aut |9 103929 | |
| 240 | 1 | 0 | |a Mirgorod |l Slovensky |
| 245 | 1 | 0 | |a Mirhorod |c N. V. Gogoľ ; preložila Zora Jesenská ; poznámky napísal S. Mašinskij a Zora Jesenská |
| 250 | |a III. vydanie | ||
| 260 | |a Bratislava |b Slovenské vydavateľstvo krásnej literatúry |c 1953 |e Bratislava |f Knižné závody | ||
| 300 | |a 280 strán |c 21 cm | ||
| 366 | |e 4000 kusov | ||
| 490 | 1 | |a Edícia svetových klasikov |v sv. 5 | |
| 490 | 1 | |a N. V. Gogoľ: Spisy v 5 sväzkoch |v Sväzok 2 | |
| 500 | |a Frontispice | ||
| 500 | |a Preložené z ruského originálu | ||
| 504 | |a Obsahuje poznámky | ||
| 655 | 7 | |a ruské romány |2 SNKPH |9 70514 | |
| 700 | 1 | |a Jesenská, Zora, |d 1909-1972 |4 trl |4 aui |9 37015 | |
| 700 | 1 | |a Mašinskij, Semen Iosifovič, |d 1914-1978 |4 aui |9 345503 | |
| 800 | 1 | |a Gogoľ, Nikolaj Vasilievič, |d 1809-1852 |t Spisy v 5 sväzkoch |9 345504 | |
| 830 | 0 | |a Edícia svetových klasikov |9 307336 | |
| 852 | |a Slovenská národná knižnica | ||
| 954 | |a beletria cudzojazyčná (svetová) |2 lita | ||
| 958 | |a EUIPO | ||
| 958 | |a OND | ||
| 958 | |a RK | ||
| 958 | |a TL | ||
| 958 | |a LX | ||
| 958 | |a UP | ||
| 968 | |b RUS | ||
| 999 | |c 590804 |d 592734 | ||
| 952 | |a SNK |b SNK |y VYP |7 0 |p 17A0064631 |o snkSC 4889/5 D1 |0 0 |1 0 |4 0 |d 1997-05-07 |l 0 |r 2005-01-02 00:00:00 |w 2026-02-23 | ||
| 952 | |a SNK |b SNK |y PREZ |7 0 |p 17A0765833 |o snkSC 4889/5 [a] |0 0 |1 0 |4 0 |d 2011-12-07 |f 1 |l 0 |r 2025-07-04 00:00:00 |w 2026-02-23 | ||


